Historia de la trata de negros
Shranjeno v:
| Main Authors: | , |
|---|---|
| Format: | Knjiga |
| Jezik: | španščina |
| Izdano: |
Madrid
Alianza
1970
|
| Izdaja: | 2a. ed |
| Serija: | El Libro de Bolsillo
|
| Teme: | |
| Oznake: |
Označite
Brez oznak, prvi označite!
|
MARC
| LEADER | 00000nam a2200000 a 4500 | ||
|---|---|---|---|
| 001 | UCP7259 | ||
| 003 | CL-VaPUC | ||
| 008 | 991209e19700000SP |||||||||||||||||spa|d | ||
| 082 | 0 | 4 | |a 326 |b MAN |2 21 |
| 100 | |a Mannix, Daniel P. |e autor |9 436780 | ||
| 700 | 0 | |a Cowley, Malcolm |e author |9 436781 | |
| 245 | 1 | 0 | |a Historia de la trata de negros |
| 250 | |a 2a. ed | ||
| 300 | |a 283 p | ||
| 942 | |c BK | ||
| 945 | |d 19991209 00:00:00 |a crobeson | ||
| 260 | |a Madrid |b Alianza |c 1970 | ||
| 650 | 0 | |a Trata de esclavos |9 433673 | |
| 650 | 0 | |a Esclavitud |9 319081 | |
| 650 | 7 | |a NEGROS |2 CL-VaPUC |9 340345 | |
| 583 | |a last modification |c 19991209 00:00:00 |k Rodrigo Vera | ||
| 490 | 0 | |a El Libro de Bolsillo | |
| 999 | |c 284567 |d 284565 | ||
| 952 | |0 0 |1 0 |4 0 |6 326_000000000000000_MAN_1970 |7 0 |8 A |9 328670 |a BIBHIS |b BIBHIS |d 2019-11-20 |i 1372300 |o 326 MAN 1970 |p 1372300 |r 2025-01-20 |w 2019-11-20 |y BK |k HIS | ||
| 952 | |0 0 |1 0 |4 0 |6 326_000000000000000_MAN_1970 |7 0 |8 A |9 328671 |a BIBHIS |b BIBHIS |d 2019-11-20 |i 1372319 |o 326 MAN 1970 |p 1372319 |r 2025-01-20 |w 2019-11-20 |y BK |k HIS | ||
| 952 | |0 0 |1 0 |4 0 |6 326_000000000000000_MAN_1970 |7 0 |8 A |9 328672 |a BIBART |b BIBART |d 2019-11-20 |i 1204920 |o 326 MAN 1970 |p 1204920 |r 2025-03-13 |w 2019-11-20 |y BK |k ART | ||